LDR 00644naa#a2200169#i#450# 001 EN\\bibl\120663 005 20260606204957.6 011 ## _a2500-1795 100 ## _a20260525b2026####ek#y0engy0150####ca 102 ## _aRU 200 1# _aDEHUMANIZATION AS A TACTIC OF DISCREDITING: LEXICAL-SEMANTIC MEANS OF DEPRIVING HUMAN STATUS _eJournal article 210 1# _aNizhnevartovsk _cNizhnevartovsk State University _d2026 215 ## _a6 с. 608 ## _aJournal article _2local 675 ## _aЯзыки естественные и искусственные. 811 _aЕстественные языки. 811.1/.8 _z 700 #1 _aKorosteleva _gLarisa V. 856 4# _avestnik.nvsu.ru _u